MDQL
is popping MORE tags! Check the
thread
!
Quizzes
Events
Quiz Creation
Community
Videos
Private Events
Remove Ads
Sign In
Join for FREE
Feedback
Dark Mode
Quiz Categories
Sports
Geography
Music
Movies
Television
Just For Fun
Miscellaneous
History
Literature
Language
Science
Gaming
Entertainment
Religion
Holiday
For Kids
Quiz Lab
Recent
Popular Today
Quiz Kudos Today
Editor Picks
Curator Picks
Quizzes by...
Day
Popularity
Type
Ratings
Length
Year
Community
Subscriptions
Recent Discussions
Orange Saloon
Badges
Playlists
Quests
Create
Leaderboards
Showdown
Live 5
Trivia Bingo
Activity
Puzzle Library
Sporcle Events
Private Events
Virtual Trivia
Globe League
Become a Host
Pub Owners
SporcleCon
Opinionation
Our Games
Videos
Blog
Mobile Apps
Partnerships
Remove Ads and Go Orange
Feedback
Miscellaneous
Crossword
General Knowledge
Baby Names
Logo
Food
Cars
Numbers
Grab Bag
University
College
Popular
Company
Slogans
Restaurants
Justice
Letter
Miscellaneous
Crossword
General Knowledge
Baby Names
Logo
Food
Cars
Numbers
Grab Bag
University
College
Popular
Company
Slogans
Restaurants
Justice
Letter
Random Quiz
Search Sporcle
×
Quiz Lab
Quiz Lab
Miscellaneous
income
Type in answers that appear in a list
Type in answers that appear in a list
Classic
Best Score? Go Orange.
Biggest UK Accountancy Firms Stats
Can you name the biggest accountancy firms in the UK?
By
centures
4m
20 Questions
320 Plays
320 Plays
320 Plays
Comments
Comments
Give Quiz Kudos
Give Quiz Kudos
-
- Ratings
hide this ad
More Info
Replay
Link that replays current quiz
Next Quiz
Link to next quiz in quiz playlist
You Got
0%
They Got
Avg Score
35%
Avg Friend Score
Upgrade to see
Score Distribution
Jump to the score distribution portion of the page
Score
0/20
Timer
04:00
0
Plays Today
Rank
Accountancy Firm
% Correct
3
KPMG
93.1%
1
PriceWaterhouseCoopers
91.9%
2
Deloitte
89.4%
4
Ernst & Young
87.8%
5
Grant Thornton
70%
6
BDO Stoy Hayward
68.8%
12
Mazars
37.5%
7
Baker Tilly
33.4%
14
RSM Bentley Jennison
26.9%
8
Smith & Williamson
24.7%
Rank
Accountancy Firm
% Correct
10
PKF
22.8%
11
Moore Stephens
18.8%
9
Tenon Group
10.9%
20
Kingston Smith
8.8%
19
UHY Hacker Young
7.8%
16
Haines Watts
7.5%
13
Vantis
5.9%
17
Saffery Champness
5.6%
18
Horwath Clark Whitehill
1.3%
15
Begbies Traynor
0.6%
Quiz Playlist
Details
Report
Send in Message
Add To Playlist
More Info:
Biggest accountancy firms in the UK by fee income.
Classic:
Type in answers that appear in a list
Quiz Source
Last Updated: Feb 16, 2017
Quiz Scoreboard
CHALLENGE
Sign Up to Join the Scoreboard
Show All
Scores
Hide
Comments
May contain spoilers
Recently Published
Find the 'City' Movie
by crazypaving
Movies
60s
5x2 Blitz: Bands
by SL_Kpop136
Music
30s
Colored Red Africa Blitz
by spor1
Geography
30s
More to Explore
Quiz From the Vault
Featured Blog Post
14 Easter Pick-up Lines to Find Eggs With
hide this ad
You Might Also Like...
Tags
biggest
fee
firm
gbp
income
million
Today's Top Quizzes in Miscellaneous
Browse Miscellaneous
hide this ad
Today's Top Quizzes in income
Browse income
Top Contributed Quizzes in Miscellaneous
1
5-to-1: Fast Food
2
9x9 Crossword: Disney Movie Titles
3
9x9 Crossword: Charlie and the Chocolate Factory
4
The JOE quick-fire general knowledge quiz: Day 174
5
9x9 Crossword: Nickelodeon
6
9x9 Crossword: Flags
7
9x9 Crossword: Pixar Movie Titles
8
9x9 Crossword: 2022 Movies
9
9x9 Crossword: Halloween
10
9x9 Crossword: Actors
Explore More
Trending Topics
Marvel
Harry Potter
NBA
Anime
Kpop
Disney
Crossword
Song
WWE
The Office
Soccer
NFL
Country
Pokémon
Puzzle
hide this ad
More By:
centures
Quiz
Plays
Rating
Category
Featured
Created
Premier League teams 2021-2022
3,474
Sports
May 29, 2021
Premiership Zootballers
3,100
4.00
Sports
Nov 28, 2009
Cricket test batting record holders
425
5.00
Sports
Mar 20, 2010
Biggest UK Accountancy Firms
320
Miscellaneous
Jun 5, 2010
Top ranked players in every sport
311
3.71
Sports
Jul 17, 2010
Go to Creator's Profile
Score Distribution
Quiz Creator Spotlight
centures
Follow
Send a Message
Quizzes Created
-
Created Quiz Play Count
-
More By This Creator
Popular Quizzes Today
1
Colored Red Africa Blitz
2
Find the 'City' Movie
3
5x2 Blitz: Bands
4
Find the US States - No Outlines Minefield
5
The Countries of the World
6
Find the US States
7
US States
8
9x9 Crossword: Cartoon Network
More Miscellaneous Quizzes
Advent Puzzle Dec 23: Christmasing Words
Editor's Pick
Trending Quizzes
Colored Red Europe Blitz I
Colored Red Africa Blitz II
Colored Red Europe Blitz II
Colored Red Europe Blitz III
Colored Red Africa Blitz III
Recently Updated
Champions League XIs: Real Madrid
pecheneg
Largest US Cities 1790-2010
pecheneg
Rides in Walt Disney World
pecheneg
Most Oscar Losses (Acting)
pecheneg
Beyoncé Albums
pecheneg
Leaping Animals
pecheneg
Reality TV Shows (A-Z)
bhenderson79
Rickey Henderson's Hall of Fame Teammates
pecheneg
Champions League XIs: Arsenal
pecheneg
Quick Pick: Celebrities in WWE's Hall of Fame
aduchscher
Trending Topics
Disney
Harry Potter
Kpop
Marvel
Crossword
Anime
NBA
WWE
Puzzle
Song
Pokémon
NFL
Soccer
Country
The Office
Your Account Isn't Verified!
In order to create a playlist on Sporcle, you need to verify the email address you used during registration. Go to your
Sporcle Settings
to finish the process.
Report this User
Report this user for behavior that violates our
Community Guidelines
.
Details:
Send Report
Go to the Sporcle.com Mobile Site →
Comments